|
|
|
|
| LEADER |
00000nam a22000007a 4500 |
| 005 |
2021122902242.0 |
| 007 |
cr|||| |||| |
| 008 |
211229s2019 eu |||||s||||i00||0 eng d |
| 020 |
|
|
|a 978-92-829-3099-1
|
| 035 |
|
|
|a 34036
|
| 040 |
|
|
|a vLex
|
| 090 |
|
|
|c 12798
|d 12798
|
| 245 |
0 |
0 |
|a Annual report 2018
|h [Recurso electrn̤ico] :
|b Judicial activity: synopsis of the judicial activity of the Court of Justice and the General Court
|
| 256 |
|
|
|a Servicio en ln̕ea
|
| 260 |
|
|
|a Bruselas:
|b European Union Publications Office,
|c 2019
|
| 300 |
|
|
|a 1 recurso electrn̤ico
|
| 500 |
|
|
|a This report provides the reader with a complete overview of the institution’s development and activity during 2018. As in previous years, a substantial part is devoted to a review of the main developments in the caselaw of the Court of Justice and the General Court. Separate statistics for each court, preceded by a brief introduction, supplement and illustrate the analysis. The first chapter summarises the activities of the Court of Justice in 2018. It begins, in this first part (A), by describing briefly how the Court of Justice evolved during the past year and providing an overview of its judicial activity. The second part (B) presents, as it does each year, the main developments in the case-law, arranged by subject matter. The third and fourth parts set out the activity of the Court Registry during the reference period (C) and the statistics relating to the past judicial year (D), and the fifth part sets out the Court’s composition during 2018 (E).
|
| 506 |
1 |
|
|a Disponible solo en los productos indicados
|d vLex Global
|d vLex Global (Academic Edition, excluding Law Schools)
|d vLex Global (U.S. Academic Edition, Law Schools)
|d vLex Global (U.S. Academic Edition, excluding Law Schools)
|d vLex Global (Academic Edition, Law Schools)
|
| 650 |
0 |
4 |
|a Derecho Comunitario
|z Unin̤ Europea
|
| 740 |
0 |
|
|a vLex Libros (Servicio en ln̕ea)
|
| 856 |
4 |
0 |
|u https://app.vlex.com/#/sources/34036
|z Acceso restringido
|
| 942 |
|
|
|c BOOK
|
| 999 |
0 |
|
|a Community Law
|